Statistiques concernant Equipe de france a la coupe du monde 2014

Cliquez ici pour prendre le quiz!

Statistiques générales

  • Ce quiz a été pris 83 fois
  • Le résultat moyen est 15 sur 24

Statistiques - réponses

PosteClubJoueur% Correct
GTotthenamHugo Lloris
97%
AReal SociedadAntoine Griezmann
91%
AReal MadridKarim Benzema
89%
GSaint-étienneStéphane Ruffier
88%
AArsenalOlivier Giroud
87%
DReal MadridRaphaël Varane
87%
MJuventusPaul Pogba
82%
Sélectionneur-Didier Deschamps
76%
DArsenalBacary Sagna
72%
MPSGBlaise Matuidi
72%
DArsenalLaurent Koscielny
67%
GBastiaMickaël Landreau
63%
MPSGYohan Cabaye
63%
MOMMathieu Valbuena
61%
MSouthamptonMorgan Schneiderlin
61%
MNewcastleMoussa Sissoko
59%
MMontpellierRémy Cabella
50%
DPortoEliaquim Mangala
47%
DNewcastleMathieu Debuchy
47%
D
Manchester UnitedPatrice Evra
41%
ANewcastleLoïc Rémy
38%
DLiverpoolMamadou Sakho
38%
MLOSC LilleRio Mavuba
25%
DPSGLucas Digne
21%

Distribution des résultats

Percentile par nombre de réponses

% des personnes avec chaque résultat

Votre développement - résultats

Vous n’avez pas pris ce quiz